000 00453nam a2200145 4500
999 _c511003
_d511003
008 190906b ||||| |||| 00| 0 eng d
100 _aWhitaker, Richard
_99914
245 _aA case of 'you can always get what you want' Committee assignments in the European Parliament
260 _c2019
300 _ap.162-181.
650 _aParliament - Europe
_99915
773 _aParliamentary Affiairs
906 _aLegislative committees
942 _2ddc
_cAR